000 01862nam a22002897a 4500
005 20150617091933.0
008 150521n fr ||||fr|||| 001 0deng d
040 _cSandra Yazo
_dSandra Yazo
041 1 _afre
082 0 4 _220
_a330.1973
092 _aE35N015
100 1 _aCarnegie, Andrew,
_969019
242 0 3 _aEl Imperio de los Negocios
_cpor Andrew Carnegie ; Traducido del inglés por Arturo Maillet ; Prólogo de Gabriel Bonvalot
_yspa
245 1 0 _aL’Empire des Affaires
_cpar Andrew Carnegie ; Traduit de l’anglais par Arthur Maillet ; Préface de
260 _aParís (Francia)
_bErnest Flammarion, Éditeur [Ernesto Flammarion, editor]
_c[fecha desconocida]
300 _a317 páginas
_c18 x 11 cm.
500 _aDetalles físicos: Encuadernación rígida en cartón forrado en cuero. Lomo con nervaduras sobre costuras, tejuelo y adornos en dorado. Tapas con recuadro repujado y decoración en cantos y en cortes. Guardas. Hoja de cortesía. Anteportada. Portada impresa en una tinta, con un pequeño grabado. Texto impreso en una columna. Notas de pie de página. En muy buen estado de conservación. Algunas manchas en el papel.
505 _aBiografía de A. Carnegie ; El camino al éxito en los negocios ; Trabajo y Capital ; La obligación de ahorrar ; Cómo hacer fortuna ; La riqueza y sus utilidades ; Los monopolios ; Las relaciones comerciales anglo-americanas ; La fabricación de acero en los Estados Unidos ; Precio de las “necesidades” en Inglaterra y en América
506 _aConsulta en sala
546 _aTexto en francés
650 7 _910463
_aCapitalismo
_zEstados Unidos
650 7 _917199
_aImperialismo
_zEStados Unidos
690 _942794
_aEconomía
700 1 _aMaillet, Arturo
_etraductor
_969020
700 1 _aBonvalot, Gabriel
_eprólogo
_969021
942 _2LOCAL
_cLIBRO
_e1
_hE35N015
999 _c299767
_d299767